West Virginia Alumni - Statistics

General Stats
  • This quiz has been taken 13 times
  • The average score is 9 of 17
Answer Stats
Hint Answer % Correct
Former football punter who played for the Indianapolis Colts, now a commentator with WWE and host of his own popular football show on YouTube Pat McAfee
100%
Host of "Family Feud" since 2010 Steve Harvey
91%
Hall of Fame point guard who played for the Los Angeles Lakers, nicknamed "The Logo" Jerry West
82%
Former cornerback who played most notably for the Bengals, nicknamed "Pacman" Adam Jones
73%
Quarterback who plays for the Las Vegas Raiders Geno Smith
73%
Football head coach at his alma mater from 2001 to 2007 and again since 2025 (former Michigan and Arizona head coach) Rich Rodriguez
73%
Senator from West Virginia from 2010 to 2025 and Governor of West Virginia from 2005 to 2010 Joe Manchin
64%
Basketball head coach for the Boston Celtics since 2023 Joe Mazzulla
64%
Former linebacker who played most notably for the Seattle Seahawks Bruce Irvin
36%
Football head coach of the Indiana Hoosiers since 2024 Curt Cignetti
36%
Actor best known for his role as Barney Fife on "The Andy Griffith Show" Don Knotts
36%
Mathematician whose calculations were critical to the success of the first U.S. crewed spaceflight, one of the main characters depicted in "Hidden Figures" Katherine Johnson
36%
Soccer player who plays for Chelsea and the Canadian women's national team Ashley Lawrence
27%
Governor of West Virginia from 2010 to 2017 Earl Ray Tomblin
27%
Owner of the Arizona Diamondbacks Ken Kendrick
27%
Actor, "Dog Day Afternoon" "The Princess Bride" "The Nightmare Before Christmas" Chris Sarandon
18%
Actress best known for her role as Berta in "Two and a Half Men" Conchata Ferrell
18%
No matching quizzes found
Score Distribution
Percent of People with Each Score
Percentile by Number Answered
Your Score History
You have not taken this quiz